Research on mathematical education and mathematics applications
Αποθηκεύτηκε σε:
| Άλλοι συγγραφείς: | , |
|---|---|
| Μορφή: | Βιβλίο |
| Γλώσσα: | English |
| Δημοσίευση: |
Ρόδος :
Πανεπιστήμιο Αιγαίου, Παιδαγωγικό Τμήμα Δημοτικής Εκπαίδευσης, Mathematics Education and Multimedia Laboratory.
2012.
|
| Θέματα: | |
| Ετικέτες: |
Προσθήκη ετικέτας
Δεν υπάρχουν, Καταχωρήστε ετικέτα πρώτοι!
|
MARC
| LEADER | 00000cam a2200000 a 4500 | ||
|---|---|---|---|
| 001 | 1/110800 | ||
| 008 | 160524s2012####gr | ||| |||| ||eng|| | ||
| 020 | |a 9789609337687 | ||
| 040 | |a GR-MyUa |b gre |c GR-MyUa |e AACR2 | ||
| 041 | 0 | |a eng | |
| 082 | 7 | |a 510.7 |2 (23) | |
| 245 | 0 | 0 | |a Research on mathematical education and mathematics applications / |c επιμέλεια: Ευγένιος Αυγερινός, Αθανάσιος Γαγάτσης. |
| 260 | |a Ρόδος : |b Πανεπιστήμιο Αιγαίου, |b Παιδαγωγικό Τμήμα Δημοτικής Εκπαίδευσης, |b Mathematics Education and Multimedia Laboratory. |c 2012. | ||
| 300 | |a x, 257 σ. : |b σχήμ., πίν. ; |c 30 εκ. | ||
| 500 | |a Περιλαμβάνει άρθρα από το : 2nd International Conference of Universities of five cities (Rhodes, Nicosia, Palermo, Bologna and Lozano) Research on mathematical education and mathematics applications, 6-7 May 2011, Rhodes Greece. | ||
| 504 | |a Περιλαμβάνει βιβλιογραφικές παραπομπές. | ||
| 650 | 0 | |a Mathematics |x Study and teaching. | |
| 650 | 0 | |a Mathematics |x Study and teaching |x Methodology. | |
| 700 | 1 | |a Αυγερινός, Ευγένιος, |e edt | |
| 700 | 1 | |a Γαγάτσης, Αθανάσιος, |e edt | |
| 852 | |a INST |b RHODES |c EUDOXUS |e 20160524 |h 510.7 RES |p 005400038453 |q 005400038453 |t EDX |y 0 | ||
| 852 | |a INST |b RHODES |c EUDOXUS |e 20160524 |h 510.7 RES |p 005400038454 |q 005400038454 |t EDX |y 0 | ||
| 852 | |a INST |b RHODES |c EUDOXUS |e 20160524 |h 510.7 RES |p 005400038455 |q 005400038455 |t EDX |y 0 | ||
| 852 | |a INST |b RHODES |c EUDOXUS |e 20170120 |h 510.7 RES |p 005400038812 |q 005400038812 |t EDX |y 0 | ||
| 852 | |a INST |b RHODES |c EUDOXUS |e 20170120 |h 510.7 RES |p 005400039030 |q 005400039030 |t EDX |y 0 | ||
| 852 | |a INST |b RHODES |c EUDOXUS |e 20170120 |h 510.7 RES |p 005400039031 |q 005400039031 |t EDX |y 0 | ||
| 852 | |a INST |b SAMOS |e 20170510 |h 510.7 RES |p 005300044556 |q 005300044556 |t BK |y 0 | ||
| 920 | |a Εύδοξος |b Παραγγελία |y Ρόδος-ΠΤΔΕ |z 20-01-2017 | ||
| 920 | |a Εύδοξος |b Παραγγελία |y Ρόδος-ΠΤΔΕ |z 2016-04 | ||
| 920 | |a Παράρτημα βιβλιοθήκης Ρόδου |b Επιστροφή Εύδοξος |y Σάμος |z 2017-05 | ||
| 970 | |z 24-05-2016 | ||